000 00739nam a2200241 a 4500
001 BRL_1287
005 20190320211129.0
008 261213s1952----fr-ob#####---#000-0#fre-#
041 _afre
044 _afr
050 4 _aF1219.8.T37
_b.M43 1952
100 1 _aMédioni, Gilbert
_926392
245 1 0 _aL´art tarasque du Mexique Occidental
_cGilbert Médioni ; 93 photographies de L´auteur.
260 _aParís
_bPaul Hertmann
_c1952
300 _a[10] p.
_bil., mapas, 93 fotografías
_c25 cm.
500 _aAu1530
504 _aBibliografía: p. [7-8]
650 1 4 _aArte tarasco
_94044
650 1 4 _aIndígenas de México
_xAntigüedades
_9509
650 1 4 _aCerámica indígena
_zMéxico.
_923735
902 _aGRL
942 _2lcc
_cB
999 _c10099
_d10099